|
|
|
|
| LEADER |
00000nam0a2200000 4500 |
| 001 |
105731 |
| 005 |
20250722165943.0 |
| 010 |
|
|
|a 5811404050
|
| 035 |
|
|
|a (RuTPU)RU\TPU\book\114088
|
| 090 |
|
|
|a 105731
|
| 100 |
|
|
|a 20061121d2002 m y0rusy50 ca
|
| 101 |
0 |
|
|a rus
|
| 102 |
|
|
|a RU
|
| 105 |
|
|
|a y j 000zy
|
| 200 |
1 |
|
|a Русская история XVII - XVIII веков
|e учебное пособие
|f М. К. Любавский
|
| 205 |
|
|
|a 2-е изд.
|
| 210 |
|
|
|a СПб.
|c Лань
|d 2002
|
| 215 |
|
|
|a 576 с.
|
| 225 |
1 |
|
|a Мир культуры, истории и философии
|
| 225 |
1 |
|
|a Классики исторической мысли
|
| 330 |
|
|
|a Известный российский историк М. К. Любавский (1860-1936), основываясь на достоверных источниках, в живой и увлекательной манере дает обзор одного из самых интересных периодов российской истории — XVII-XVIII веков. Книга передает всю сложность и значительность переходного периода в становлении Русского государства и преобразовании его в государство европейское. Первая часть книги (XVII — первая четверть XVIII века) представляет собой сборник лекций, записанных слушательницами Высших женских курсов в 1913/1914 учебном году. Вторая часть (XVIII век) составлена по запискам слушателей Императорского московского университета. Этот литературный памятник будет интересен как историкам-специалистам, преподавателям и студентам гуманитарных вузов, так и всем интересующимся историей России.
|
| 606 |
|
|
|a Россия
|x История
|z 9 век-1917
|9 81648
|
| 610 |
1 |
|
|a русская история
|
| 610 |
1 |
|
|a 17 век
|
| 610 |
1 |
|
|a 18 век
|
| 610 |
1 |
|
|a политика
|
| 610 |
1 |
|
|a культура
|
| 610 |
1 |
|
|a реформы
|
| 610 |
1 |
|
|a комиссия
|
| 610 |
1 |
|
|a Учреждение об управлении губерниями
|
| 610 |
1 |
|
|a жалованная Грамота дворянству
|
| 610 |
1 |
|
|a жалованная Грамота городам
|
| 610 |
1 |
|
|a крестьянский вопрос
|
| 610 |
1 |
|
|a образование
|
| 610 |
1 |
|
|a школы
|
| 610 |
1 |
|
|a Башкирия
|
| 610 |
1 |
|
|a города
|
| 610 |
1 |
|
|a дворянство
|
| 686 |
|
|
|a Т3(2)4/5я73
|2 rubbk
|
| 700 |
|
1 |
|a Любавский
|b М. К.
|g Матвей Кузьмич
|
| 801 |
|
1 |
|a RU
|b 63413507
|c 20061121
|g PSBO
|
| 801 |
|
2 |
|a RU
|b 63413507
|c 20160113
|g PSBO
|
| 850 |
|
|
|a 63413507
|
| 942 |
|
|
|c BK
|